[Event "24.Schlosspark-Open"]
[Site "Wiesbaden-Biebrich"]
[Date "2012.08.24"]
[Round "3.2"]
[White "Kiese, Matth"]
[Black "Levin, Felix"]
[Result "0-1"]
[WhiteElo "2220"]
[BlackElo "2510"]
[PlyCount "116"]
[EventDate "2012.??.??"]
[WhiteTeam "Bochumer SV 02"]
[BlackTeam "SV Mülheim-Nord 1931 e"]

1. d4 Nf6 2. Nf3 c5 3. d5 b5 4. Bg5 d6 5. Bxf6 exf6 6. e4 a6 7. a4 b4 8. Bd3 g6
9. Nbd2 Bg7 10. Nc4 Qc7 11. O-O Nd7 12. a5 O-O 13. Nfd2 Ne5 14. Nb6 Ra7 15.
Ndc4 f5 16. Nxc8 Rxc8 17. exf5 Nxc4 18. Bxc4 Bxb2 19. Ra2 Bc3 20. Qe2 Rca8 21.
fxg6 hxg6 22. Rd1 Qd8 23. g3 Re7 24. Qd3 Qc8 25. Kg2 Kg7 26. h4 Qg4 27. Rf1 Qd4
28. Qxd4+ cxd4 29. Rh1 Rc7 30. Bd3 Rc5 31. h5 Ra7 32. hxg6 fxg6 33. Be4 d3 34.
Bxd3 Rxd5 35. Ra4 Rc5 36. Rh4 d5 37. f4 Rc6 38. Rg4 Kf7 39. Rh4 Rb7 40. Ra2 Re7
41. Ra4 Kg7 42. f5 gxf5 43. Bxf5 Rh6 44. Rg4+ Kf6 45. Bd3 Ke5 46. Rf4 Rg7 47.
Rf8 Kd4 48. Bf5 Re7 49. Bd3 Ke3 50. Ra2 Rhe6 51. Rf5 Kd4 52. Rf4+ Kc5 53. Rf8
Rg7 54. Ra8 Re3 55. Bxa6 Rexg3+ 56. Kf1 Rf7+ 57. Ke2 Rg2+ 58. Kd1 Rg1+ 0-1

[Event "24.Schlosspark-Open"]
[Site "Wiesbaden-Biebrich"]
[Date "2012.08.24"]
[Round "3.3"]
[White "Meijers, Viesturs"]
[Black "Stabolewski, Andreas"]
[Result "1-0"]
[WhiteElo "2492"]
[BlackElo "2214"]
[PlyCount "53"]
[EventDate "2012.??.??"]
[WhiteTeam "ESV Nickelhütte Aue"]
[BlackTeam "vereinslos"]

1. c4 Nf6 2. b3 g6 3. Bb2 Bg7 4. g3 O-O 5. Bg2 d5 6. cxd5 Nxd5 7. Bxg7 Kxg7 8.
d4 e6 9. Nd2 Nc6 10. Ngf3 a5 11. a3 Qe7 12. Qc2 Bd7 13. O-O Rac8 14. Rfc1 Rfd8
15. Qb2 Nf6 16. Rc2 Be8 17. Rac1 Kg8 18. h3 Na7 19. Ne5 Nb5 20. Bxb7 Nxa3 21.
Rc5 Rb8 22. Nc6 Bxc6 23. Bxc6 Rb6 24. Ba4 c6 25. Qxa3 Rxd4 26. Nc4 Ra6 27. Rxc6
1-0

[Event "24.Schlosspark-Open"]
[Site "Wiesbaden-Biebrich"]
[Date "2012.08.24"]
[Round "3.4"]
[White "Seegers, Hendrik"]
[Black "Poetsch, Hagen"]
[Result "0-1"]
[WhiteElo "2217"]
[BlackElo "2462"]
[PlyCount "82"]
[EventDate "2012.??.??"]
[WhiteTeam "SF Neuenkirchen"]
[BlackTeam "Wiesbadener SV 1885"]

1. d4 Nf6 2. Nf3 c5 3. c3 Qa5 4. dxc5 Qxc5 5. Nbd2 d5 6. Nb3 Qd6 7. g3 Nc6 8.
Bg2 g6 9. O-O Bg7 10. Nbd4 e5 11. Nxc6 bxc6 12. Re1 Bf5 13. Nh4 Be6 14. e4 O-O
15. exd5 cxd5 16. c4 Rac8 17. cxd5 Nxd5 18. Be3 Rfd8 19. Bg5 f6 20. Bd2 Nb6 21.
Nf3 Qb8 22. b3 Bg4 23. Rc1 Qd6 24. Rxc8 Nxc8 25. Qc2 Bxf3 26. Bxf3 Qxd2 27.
Qc4+ Kf8 28. Rd1 Qa5 29. b4 Qb6 30. a4 Ne7 31. Rxd8+ Qxd8 32. a5 f5 33. Qc5 e4
34. Be2 Qd2 35. Qb5 Bd4 36. Kf1 Qc1+ 37. Kg2 Qe1 38. Qb8+ Kg7 39. Qd6 Qxf2+ 40.
Kh3 Bf6 41. Bc4 g5 0-1

[Event "24.Schlosspark-Open"]
[Site "Wiesbaden-Biebrich"]
[Date "2012.08.24"]
[Round "3.6"]
[White "Puschendorf, Steffen"]
[Black "Müller, Ralf"]
[Result "1/2-1/2"]
[WhiteElo "2210"]
[BlackElo "2414"]
[PlyCount "75"]
[EventDate "2012.??.??"]
[WhiteTeam "ESV Gera"]
[BlackTeam "SG Stern Stuttgart"]

1. d4 Nf6 2. c4 g6 3. Nc3 d5 4. e3 Bg7 5. cxd5 Nxd5 6. Nxd5 Qxd5 7. Ne2 O-O 8.
Nc3 Qd8 9. Be2 e5 10. dxe5 Qg5 11. O-O Qxe5 12. Qd5 Qe7 13. e4 Nc6 14. Bg5 Qb4
15. Qb5 Qxb5 16. Bxb5 h6 17. Bf4 Nd4 18. Bxc7 Nxb5 19. Nxb5 Be6 20. Bd6 Rfd8
21. e5 Bc4 22. Nc7 Bxf1 23. Nxa8 Bxg2 24. Kxg2 Rxa8 25. Rc1 Re8 26. Rc7 Bxe5
27. Bxe5 Rxe5 28. Rxb7 Re2 29. Kf3 Rc2 30. a4 g5 31. a5 a6 32. Rb6 Kg7 33. Rxa6
Rxb2 34. Ra8 Ra2 35. a6 Kf6 36. Rh8 Kg7 37. Ra8 Kf6 38. Rh8 1/2-1/2

[Event "24.Schlosspark-Open"]
[Site "Wiesbaden-Biebrich"]
[Date "2012.08.24"]
[Round "3.7"]
[White "Geske, Julian"]
[Black "Sokratov, Stanislav"]
[Result "1-0"]
[WhiteElo "2391"]
[BlackElo "2165"]
[PlyCount "80"]
[EventDate "2012.??.??"]
[WhiteTeam "Wiesbadener SV 1885"]
[BlackTeam "SG Stern Stuttgart"]

1. e4 c5 2. Nf3 Nc6 3. d4 cxd4 4. Nxd4 Nf6 5. Nc3 e5 6. Ndb5 d6 7. Bg5 a6 8.
Na3 b5 9. Bxf6 gxf6 10. Nd5 Bg7 11. c3 f5 12. exf5 Bxf5 13. Nc2 O-O 14. Nce3
Be6 15. Bd3 f5 16. Qh5 e4 17. Bc2 Ne7 18. Rd1 Nxd5 19. Nxd5 b4 20. Nxb4 a5 21.
Nd5 Rb8 22. Bb3 a4 23. Bxa4 Rxb2 24. Bb3 Kh8 25. O-O f4 26. c4 Rf5 27. Qg4 Qf8
28. Rde1 Bxd5 29. cxd5 Re5 30. Rc1 Re8 31. Rc2 Rxc2 32. Bxc2 Bd4 33. g3 e3 34.
fxe3 Rxe3 35. Kh1 Qf7 36. Rxf4 Re1+ 37. Kg2 Qxd5+ 38. Kh3 Bg7 39. Bb3 Qa8 40.
Rf7 Qg8 1-0

[Event "24.Schlosspark-Open"]
[Site "Wiesbaden-Biebrich"]
[Date "2012.08.24"]
[Round "3.8"]
[White "Tischendorf, Michael"]
[Black "Gawehns, Klaus"]
[Result "0-1"]
[WhiteElo "2198"]
[BlackElo "2378"]
[PlyCount "72"]
[EventDate "2012.??.??"]
[WhiteTeam "SV 1920 Hofheim"]
[BlackTeam "SG Rheinbreitbach-Linz"]

1. c4 e6 2. g3 f5 3. Bg2 Nf6 4. Nc3 d5 5. d3 d4 6. Nb1 e5 7. Nf3 Nc6 8. O-O a5
9. e3 dxe3 10. Bxe3 Be7 11. d4 e4 12. Ne5 Nxe5 13. dxe5 Qxd1 14. Rxd1 Ng4 15.
Bd4 Be6 16. h3 Nh6 17. b3 Nf7 18. Nd2 O-O-O 19. Nf1 Bb4 20. Rab1 Rd7 21. Ne3
Rhd8 22. Bb2 Bc5 23. Rxd7 Rxd7 24. g4 g6 25. gxf5 gxf5 26. Bc3 Bd4 27. Bxa5
Nxe5 28. Be1 Nd3 29. Nc2 Bb6 30. Ne3 f4 31. Ng4 f3 32. Bf1 Bxg4 33. hxg4 Nxe1
34. Rxe1 Rd2 35. Rxe4 Rxf2 36. Rf4 Rg2+ 0-1

[Event "24.Schlosspark-Open"]
[Site "Wiesbaden-Biebrich"]
[Date "2012.08.24"]
[Round "3.9"]
[White "Carlstedt, Jonathan"]
[Black "Budzyn, Matthias"]
[Result "1-0"]
[WhiteElo "2352"]
[BlackElo "2138"]
[PlyCount "61"]
[EventDate "2012.??.??"]
[WhiteTeam "Wiesbadener SV 1885"]
[BlackTeam "SG Turm Kiel von 1910"]

1. c4 Nf6 2. g3 d5 3. cxd5 Nxd5 4. Bg2 Nb6 5. Nc3 g6 6. Nf3 Bg7 7. d3 Nc6 8.
Be3 e5 9. Bc5 Ne7 10. Rc1 O-O 11. h4 Bg4 12. Nh2 Bc8 13. h5 Nd7 14. Ba3 Nf6 15.
hxg6 hxg6 16. Nb5 Ne8 17. Qa4 Bd7 18. Qb4 Bf6 19. Ng4 Bxb5 20. Nxf6+ Nxf6 21.
Qh4 Nh5 22. Bxe7 Qd4 23. Qxd4 exd4 24. Bxf8 Rxf8 25. Rxc7 Re8 26. Kd2 Nf6 27.
Rh4 Rd8 28. Rxb7 a6 29. Bf3 Rd6 30. Rb8+ Kg7 31. Rhh8 1-0

[Event "24.Schlosspark-Open"]
[Site "Wiesbaden-Biebrich"]
[Date "2012.08.24"]
[Round "3.10"]
[White "Zeyer, Oliver"]
[Black "Schröder, Jan-Christian"]
[Result "0-1"]
[WhiteElo "1976"]
[BlackElo "2332"]
[PlyCount "134"]
[EventDate "2012.??.??"]
[WhiteTeam "SF HN-Biberach 1978 e.V."]
[BlackTeam "SV 1920 Hofheim"]

1. e4 e5 2. Nc3 Nc6 3. g3 Bc5 4. Bg2 Nge7 5. Nge2 O-O 6. O-O a6 7. d3 d6 8. h3
Be6 9. Nd5 Qd7 10. Kh2 f5 11. f4 fxe4 12. dxe4 Kh8 13. Be3 Bxe3 14. Nxe3 exf4
15. Nxf4 Ne5 16. Qe2 Bg8 17. c4 b5 18. b3 bxc4 19. bxc4 Rab8 20. Nfd5 c6 21.
Nc3 Qa7 22. Rxf8 Rxf8 23. Rd1 Qc5 24. Rf1 Rxf1 25. Bxf1 Qd4 26. Ncd1 Qxe4 27.
Bg2 Qd4 28. c5 Qxc5 29. Qxa6 d5 30. Qe2 d4 31. Nf1 N7g6 32. Nf2 Qa3 33. Be4 Bc4
34. Qd1 Qxa2 35. Kg1 Qe2 36. Qxe2 Bxe2 37. Nd2 Kg8 38. Nb3 d3 39. Nc1 Nf3+ 40.
Bxf3 Bxf3 41. Nfxd3 Kf7 42. Nb3 Bd5 43. Nd4 Kf6 44. Kf2 Ne5 45. Nf4 Bc4 46. Ke3
c5 47. Nc2 Kf5 48. Na3 Bf7 49. Nb1 Nc4+ 50. Kd3 Ke5 51. Nc3 Nd6 52. Ng2 c4+ 53.
Kd2 Ne4+ 54. Nxe4 Kxe4 55. Ne1 Be6 56. h4 g6 57. Nc2 Bf7 58. Ne1 h5 59. Ke2 c3
60. Ng2 Bc4+ 61. Kd1 Bd3 62. Nf4 Ke3 63. Nd5+ Kd4 64. Nf4 Bf5 65. Ne2+ Kd3 66.
Nf4+ Ke4 67. Ne2 Bg4 0-1

[Event "24.Schlosspark-Open"]
[Site "Wiesbaden-Biebrich"]
[Date "2012.08.24"]
[Round "3.11"]
[White "Junesch, Gerhard"]
[Black "Von den Steinen, Benjamin"]
[Result "1-0"]
[WhiteElo "2291"]
[BlackElo "2137"]
[PlyCount "79"]
[EventDate "2012.??.??"]
[WhiteTeam "SC Erdmannhausen"]
[BlackTeam "Sfr.Bitburg 1958"]

1. Nf3 Nf6 2. c4 g6 3. Nc3 Bg7 4. e4 d6 5. d4 O-O 6. Be2 e5 7. Be3 c6 8. O-O
Na6 9. d5 Ng4 10. Bg5 f6 11. Bh4 c5 12. Ne1 h5 13. h3 Nh6 14. g4 hxg4 15. hxg4
Qd7 16. g5 fxg5 17. Bxg5 Qh3 18. Qd3 Nf7 19. Bd2 Nb4 20. Qg3 Kh7 21. a3 Na6 22.
Nb5 Bd7 23. Nc2 Bh6 24. Bxh6 Kxh6 25. Ne3 Ng5 26. Nxd6 Rf6 27. Qxe5 Qh4 28.
Ndf5+ Bxf5 29. exf5 Nh3+ 30. Kg2 gxf5 31. Qg3 Rg8 32. Qxg8 Rg6+ 33. Ng4+ fxg4
34. Qh8+ Kg5 35. Qxh4+ Kxh4 36. Rh1 Rf6 37. Raf1 Rg6 38. f4 gxf3+ 39. Kxf3 Rg3+
40. Ke4 1-0

[Event "24.Schlosspark-Open"]
[Site "Wiesbaden-Biebrich"]
[Date "2012.08.24"]
[Round "3.12"]
[White "Bremer, Vincent"]
[Black "Jahnel, Günther"]
[Result "0-1"]
[WhiteElo "2016"]
[BlackElo "2282"]
[PlyCount "81"]
[EventDate "2012.??.??"]
[WhiteTeam "SC Lerchenberg/ZMO"]
[BlackTeam "FVS ASP Hoyerswerda"]

1. c4 g6 2. g3 Bg7 3. Bg2 e5 4. Nc3 Nc6 5. e3 Nge7 6. Nge2 d6 7. d4 exd4 8.
exd4 O-O 9. O-O Bf5 10. Be3 Qc8 11. Qd2 Re8 12. Rfe1 Bh3 13. Bh1 Nf5 14. Rac1
Nxe3 15. fxe3 h5 16. Nf4 Bg4 17. Ncd5 Nd8 18. c5 dxc5 19. Rxc5 c6 20. Nb4 Qd7
21. Nbd3 Rc8 22. h4 Qd6 23. Qf2 Ne6 24. Nxe6 Bxe6 25. Ra5 Bc4 26. Nc5 b6 27.
Rc1 Bd5 28. Rxa7 bxc5 29. Rxc5 f5 30. Ra6 Bxh1 31. Kxh1 Bh6 32. Rc3 Qd5+ 33.
Kh2 Re6 34. Raa3 Rce8 35. b4 Bf8 36. Rab3 Bd6 37. a4 Re4 38. Kh3 Rg4 39. e4
Qxe4 40. Re3 Rxh4+ 41. gxh4 0-1

[Event "24.Schlosspark-Open"]
[Site "Wiesbaden-Biebrich"]
[Date "2012.08.24"]
[Round "3.14"]
[White "Nagel, Bernhard"]
[Black "Karthaus, Carsten"]
[Result "1/2-1/2"]
[WhiteElo "2223"]
[BlackElo "1939"]
[PlyCount "72"]
[EventDate "2012.??.??"]
[WhiteTeam "Wiesbadener SV 1885"]
[BlackTeam "SC Murrhardt 1948 e.V."]

1. Nf3 Nf6 2. c4 c6 3. e3 d5 4. Nc3 e6 5. Qc2 Bd6 6. b3 Nbd7 7. Bb2 O-O 8. Be2
Re8 9. d3 b6 10. O-O Bb7 11. Rac1 Rc8 12. Qd2 e5 13. cxd5 cxd5 14. Nb5 Bb8 15.
Qb4 Nc5 16. Qh4 a6 17. Na3 Ncd7 18. Rxc8 Qxc8 19. Rc1 Qd8 20. Nb1 Nf8 21. Qb4
Ng6 22. Qe1 e4 23. dxe4 dxe4 24. Nfd2 Qd6 25. Nf1 Nh4 26. Ng3 Qe6 27. Qd1 Nf5
28. Bc4 Nd5 29. Qg4 g6 30. Nxf5 Qxf5 31. Qxf5 gxf5 32. Rd1 Nc7 33. Bf6 b5 34.
Be2 Nd5 35. Bd4 Rc8 36. a4 Rc2 1/2-1/2

[Event "24.Schlosspark-Open"]
[Site "Wiesbaden-Biebrich"]
[Date "2012.08.24"]
[Round "3.15"]
[White "Schmitt, Carsten"]
[Black "Minor, Samuel"]
[Result "1/2-1/2"]
[WhiteElo "1986"]
[BlackElo "2222"]
[PlyCount "46"]
[EventDate "2012.??.??"]
[WhiteTeam "SV Bergwinkel"]
[BlackTeam "Wiesbadener SV 1885"]

1. c4 Nf6 2. g3 e6 3. Bg2 d5 4. Nf3 Be7 5. O-O O-O 6. b3 c5 7. Bb2 d4 8. e3 Nc6
9. exd4 cxd4 10. Re1 Re8 11. d3 Bf8 12. Na3 e5 13. Nc2 a5 14. a3 Nd7 15. Rb1
Rb8 16. Bc1 Nc5 17. b4 Na4 18. Bd2 axb4 19. axb4 f6 20. Ncxd4 Nxd4 21. Nxd4
Qxd4 22. Bd5+ Be6 23. Be3 Qc3 1/2-1/2

[Event "24.Schlosspark-Open"]
[Site "Wiesbaden-Biebrich"]
[Date "2012.08.24"]
[Round "3.16"]
[White "Frömbgen, Andreas"]
[Black "Haas, Frank-Martin"]
[Result "0-1"]
[WhiteElo "1973"]
[BlackElo "2184"]
[PlyCount "44"]
[EventDate "2012.??.??"]
[WhiteTeam "SK Gau-Algesheim"]
[BlackTeam "SV 1947 Walldorf"]

1. c4 e5 2. g3 Nf6 3. Bg2 d5 4. cxd5 Nxd5 5. Nf3 Nc6 6. O-O Nb6 7. d3 Bg4 8.
Nbd2 Qd7 9. b3 O-O-O 10. Bb2 f6 11. a3 Bh3 12. Nc4 h5 13. Nfxe5 fxe5 14. Bxh3
Qxh3 15. Nxe5 h4 16. Nf3 hxg3 17. fxg3 Bc5+ 18. Kh1 Nd5 19. Qc1 Be3 20. Qe1 Rh7
21. Bc1 Nd4 22. Bxe3 Nxf3 0-1

[Event "24.Schlosspark-Open"]
[Site "Wiesbaden-Biebrich"]
[Date "2012.08.24"]
[Round "3.17"]
[White "Commercon, Simon"]
[Black "Wagner, Dirk"]
[Result "1-0"]
[WhiteElo "2176"]
[BlackElo "2042"]
[PlyCount "119"]
[EventDate "2012.??.??"]
[WhiteTeam "SC Pirmasens 1912"]
[BlackTeam "SC Matt im Park Ffm"]

1. d4 Nf6 2. c4 g6 3. Nc3 Bg7 4. e4 d6 5. Be2 O-O 6. f4 c5 7. Nf3 cxd4 8. Nxd4
Nc6 9. Be3 Qa5 10. O-O Bd7 11. Nb3 Qd8 12. Rc1 Qb8 13. Qe1 Bg4 14. Bd3 Be6 15.
Qh4 a6 16. Nd5 Bxd5 17. cxd5 Nb4 18. Bb1 a5 19. Nd4 Rc8 20. f5 Rxc1 21. Rxc1
Qd8 22. fxg6 hxg6 23. Nf3 Rc8 24. Rxc8 Qxc8 25. a3 Na6 26. h3 Qc4 27. Qe1 Qc7
28. Bd4 Nc5 29. Bc3 a4 30. Kh2 Nfd7 31. Bxg7 Kxg7 32. Qc3+ Nf6 33. g4 Na6 34.
Qxc7 Nxc7 35. Bc2 Na6 36. g5 Nh5 37. Bxa4 Nc5 38. Bc2 e5 39. b4 Na6 40. Bd3 Nb8
41. Bb5 Kf8 42. Nd2 Ke7 43. Nc4 Nd7 44. Bxd7 Kxd7 45. a4 Nf4 46. a5 Nd3 47. b5
Nc5 48. Nd2 Na4 49. Nb1 Nc5 50. Nc3 Kc7 51. Kg3 Nb3 52. a6 bxa6 53. bxa6 Kb6
54. a7 Kxa7 55. Nb5+ Kb6 56. Nxd6 Nd2 57. Kf2 Kc5 58. Ke2 Nb1 59. Nxf7 Kd4 60.
d6 1-0

[Event "24.Schlosspark-Open"]
[Site "Wiesbaden-Biebrich"]
[Date "2012.08.24"]
[Round "3.18"]
[White "Nabavi, Parwis"]
[Black "Willems, Matthias"]
[Result "0-1"]
[WhiteElo "2172"]
[BlackElo "1998"]
[PlyCount "88"]
[EventDate "2012.??.??"]
[WhiteTeam "SGEM Dreisamtal"]
[BlackTeam "SC Bad Nauheim"]

1. d4 Nf6 2. c4 e5 3. dxe5 Ng4 4. Bf4 Nc6 5. Nf3 Bb4+ 6. Nbd2 Qe7 7. e3 Ngxe5
8. Nxe5 Nxe5 9. Be2 O-O 10. O-O a5 11. Nb3 a4 12. a3 Bd6 13. Nd4 Bc5 14. Nb5 d6
15. Nc3 Bd7 16. Nd5 Qd8 17. Qc2 Re8 18. h3 Qc8 19. Rad1 Bxh3 20. gxh3 Qxh3 21.
Qe4 Ng6 22. Qf3 Nxf4 23. Nxf4 Qh4 24. Rd5 g6 25. Kg2 c6 26. Rh1 Qf6 27. Rd2 Re5
28. Qh3 h5 29. Rhd1 Rae8 30. Bf3 Rg5+ 31. Kf1 Rxe3 32. fxe3 Bxe3 33. Ng2 Bxd2
34. Rxd2 Rf5 35. Ne1 Kg7 36. Kf2 Qe5 37. Qh4 Rf4 38. Qd8 Qc5+ 39. Kg2 Rf6 40.
Qb8 Qg5+ 41. Kf1 Qxd2 42. Qxb7 g5 43. Qxc6 g4 44. Qd5 Qxd5 0-1

[Event "24.Schlosspark-Open"]
[Site "Wiesbaden-Biebrich"]
[Date "2012.08.24"]
[Round "3.20"]
[White "Kienitz, Andre"]
[Black "Machlin, Maxim"]
[Result "1-0"]
[WhiteElo "2153"]
[BlackElo "1981"]
[PlyCount "53"]
[EventDate "2012.??.??"]
[WhiteTeam "SF Erkelenz 1959 e.V."]
[BlackTeam "Biebertaler SF"]

1. Nf3 d5 2. d4 c6 3. c4 e6 4. Qc2 Nf6 5. g3 Ne4 6. Bg2 Nd7 7. O-O Bd6 8. Nfd2
f5 9. Nxe4 fxe4 10. f3 exf3 11. Bxf3 O-O 12. Nc3 b6 13. cxd5 exd5 14. Nxd5 Bb7
15. Nf4 Rf7 16. e4 Nf8 17. e5 Bxe5 18. dxe5 Qd4+ 19. Kh1 Qxe5 20. Bd2 g5 21.
Ng2 Ng6 22. Rae1 g4 23. Rxe5 gxf3 24. Rf5 fxg2+ 25. Kxg2 c5+ 26. Kg1 Nf4 27.
Bxf4 1-0

[Event "24.Schlosspark-Open"]
[Site "Wiesbaden-Biebrich"]
[Date "2012.08.24"]
[Round "3.21"]
[White "Goloborodko, Dmitro"]
[Black "Belz, Frank-M"]
[Result "1/2-1/2"]
[WhiteElo "2124"]
[BlackElo "1969"]
[PlyCount "49"]
[EventDate "2012.??.??"]
[WhiteTeam "SG Turm Idstein"]
[BlackTeam "SK Freising"]

1. d4 d5 2. c4 c6 3. Nf3 Nf6 4. Nc3 dxc4 5. e3 b5 6. a4 b4 7. Na2 e6 8. Bxc4
Be7 9. O-O O-O 10. b3 a5 11. Bb2 Nbd7 12. Nc1 c5 13. Nd3 Bb7 14. Nfe5 cxd4 15.
Bxd4 Nxe5 16. Nxe5 Bd6 17. Rc1 Qb8 18. f4 Rd8 19. Qe2 Be4 20. Qb2 Qb7 21. Nf3
Ne8 22. Ng5 Bd5 23. Bb5 f6 24. Nf3 Rac8 25. Be2 1/2-1/2

[Event "24.Schlosspark-Open"]
[Site "Wiesbaden-Biebrich"]
[Date "2012.08.24"]
[Round "3.22"]
[White "Kannenberg, Carl-Fr"]
[Black "Ruppert, Wolfgang"]
[Result "0-1"]
[WhiteElo "1939"]
[BlackElo "2124"]
[PlyCount "70"]
[EventDate "2012.??.??"]
[WhiteTeam "SAbt TuS Dotzheim"]
[BlackTeam "SC Flörsheim 1921"]

1. e4 c5 2. Nf3 Nc6 3. d4 cxd4 4. Nxd4 e5 5. Nb3 Nf6 6. f3 d5 7. exd5 Qxd5 8.
Qxd5 Nxd5 9. c3 a5 10. a4 Be6 11. Bc4 Ndb4 12. Bxe6 Nc2+ 13. Ke2 Nxa1 14. Nxa1
fxe6 15. Nb3 Be7 16. Be3 Kf7 17. N1d2 Rab8 18. Bb6 Bd8 19. Nc4 Bxb6 20. Nxb6
Rhd8 21. Rd1 Rxd1 22. Kxd1 Ke7 23. Nd2 Kd6 24. Nbc4+ Kc7 25. Ke2 Rd8 26. Ke1
Ne7 27. b4 axb4 28. cxb4 Nd5 29. a5 Nxb4 30. Nxe5 Nd3+ 31. Nxd3 Rxd3 32. Nc4
Rc3 33. Nd2 Ra3 34. Nc4 Ra2 35. Kf1 Ra4 0-1

[Event "24.Schlosspark-Open"]
[Site "Wiesbaden-Biebrich"]
[Date "2012.08.24"]
[Round "3.23"]
[White "Kreiling, Carsten"]
[Black "Gutacker, Stephan"]
[Result "1/2-1/2"]
[WhiteElo "2114"]
[BlackElo "1951"]
[PlyCount "67"]
[EventDate "2012.??.??"]
[WhiteTeam "SVG Eppstein 1932"]
[BlackTeam "Sfr.1932 Kelkheim"]

1. d4 Nf6 2. c4 e6 3. Nf3 d5 4. Nc3 c6 5. Bg5 Be7 6. e3 Nbd7 7. cxd5 exd5 8.
Qc2 O-O 9. Bd3 Re8 10. O-O Ne4 11. Bxe4 Bxg5 12. Bxh7+ Kh8 13. Bd3 Be7 14. Ne2
Nf6 15. Ng3 Bd6 16. Rab1 g6 17. b4 Kg7 18. b5 cxb5 19. Bxb5 Bd7 20. Qa4 Bxb5
21. Qxb5 b6 22. Rbc1 Rc8 23. Qb2 Qd7 24. Rxc8 Rxc8 25. Rc1 Rc4 26. Ne5 Rxc1+
27. Qxc1 Bxe5 28. dxe5 Ne4 29. Qb2 Qa4 30. e6+ f6 31. Nf1 Nc5 32. e7 Kf7 33.
e8=Q+ Qxe8 34. Nd2 1/2-1/2

[Event "24.Schlosspark-Open"]
[Site "Wiesbaden-Biebrich"]
[Date "2012.08.24"]
[Round "3.24"]
[White "Jamali, Wahid"]
[Black "Minz, Michail"]
[Result "1/2-1/2"]
[WhiteElo "1936"]
[BlackElo "2096"]
[PlyCount "49"]
[EventDate "2012.??.??"]
[WhiteTeam "SC Flörsheim 1921"]
[BlackTeam "SK Gau-Algesheim"]

1. d4 d5 2. Bf4 Nf6 3. e3 g6 4. Nf3 Bg7 5. Be2 O-O 6. h3 b6 7. O-O Bb7 8. Nbd2
Nbd7 9. Ne5 Ne8 10. Nxd7 Qxd7 11. Nf3 f6 12. c3 Nd6 13. Rc1 Rae8 14. Bh2 e5 15.
Qc2 c5 16. dxc5 bxc5 17. Rfd1 e4 18. Nd2 f5 19. b4 Nb5 20. Bxb5 Qxb5 21. bxc5
Qxc5 22. Nb3 Qa3 23. c4 Rc8 24. c5 Qb2 25. Nd4 1/2-1/2

[Event "24.Schlosspark-Open"]
[Site "Wiesbaden-Biebrich"]
[Date "2012.08.24"]
[Round "3.25"]
[White "Hohner, Karl-Heinz"]
[Black "Kalepky, Helmut"]
[Result "1/2-1/2"]
[WhiteElo "1945"]
[BlackElo "2084"]
[PlyCount "89"]
[EventDate "2012.??.??"]
[WhiteTeam "vereinslos"]
[BlackTeam "Sfr.Heidesheim"]

1. d4 g6 2. Nc3 Bg7 3. e4 d6 4. f4 c6 5. Be3 Qb6 6. Qd2 Qxb2 7. Rb1 Qa3 8. Nf3
Qa5 9. Bd3 Qc7 10. O-O Nf6 11. f5 Nbd7 12. Bh6 Kf8 13. Rbe1 Ng8 14. Bxg7+ Kxg7
15. Kh1 f6 16. Ne2 Nh6 17. Nf4 Nf8 18. Qc3 Nf7 19. e5 d5 20. Nxd5 Qd8 21. exf6+
exf6 22. Nf4 Qd6 23. Ne5 Bxf5 24. Bxf5 gxf5 25. Nxf7 Kxf7 26. Qb3+ Kg7 27.
Qxb7+ Nd7 28. Qb3 Rhe8 29. Qg3+ Kf7 30. Qh4 Kg8 31. Nd3 Qd5 32. Qg3+ Kf7 33.
Qh3 Kg8 34. Qh5 Re4 35. Rxf5 Qxd4 36. Rxe4 Qxe4 37. Rf4 Qe6 38. Rg4+ Kh8 39.
Rh4 Nf8 40. Qf3 Re8 41. h3 Nd7 42. Qh5 Re7 43. Nf4 Qe1+ 44. Kh2 Rg7 45. Rg4
1/2-1/2

[Event "24.Schlosspark-Open"]
[Site "Wiesbaden-Biebrich"]
[Date "2012.08.24"]
[Round "3.26"]
[White "Brechlin, Olaf"]
[Black "Larem, Peter"]
[Result "1/2-1/2"]
[WhiteElo "2063"]
[BlackElo "1935"]
[PlyCount "70"]
[EventDate "2012.??.??"]
[WhiteTeam "FVS ASP Hoyerswerda"]
[BlackTeam "Schach-Spielgemeinschaft Röderma"]

1. Nc3 Nf6 2. e4 e5 3. f4 d5 4. fxe5 Nxe4 5. d3 Nxc3 6. bxc3 Be7 7. Nf3 O-O 8.
d4 f6 9. exf6 Bxf6 10. Be2 Bh4+ 11. g3 Be7 12. O-O Bh3 13. Rf2 Nd7 14. Rb1 b6
15. Bf4 h6 16. Bf1 Bg4 17. h3 Bxf3 18. Rxf3 Nf6 19. Bg2 Ne4 20. Re3 Bg5 21. Qg4
Bxf4 22. gxf4 Nf6 23. Qg6 Ne4 24. Bxe4 dxe4 25. Qxe4 Qh4 26. Rf1 Rae8 27. Qf3
Rxe3 28. Qxe3 Rf6 29. Kh2 Qh5 30. Qe5 Rf5 31. Qe6+ Kh7 32. Qe4 Kg8 33. Rg1 Qf7
34. Qa8+ Kh7 35. Qe4 Kg8 1/2-1/2

[Event "24.Schlosspark-Open"]
[Site "Wiesbaden-Biebrich"]
[Date "2012.08.24"]
[Round "3.27"]
[White "Werner, Dimo"]
[Black "Schwarz, Eduard"]
[Result "1-0"]
[WhiteElo "2160"]
[BlackElo "1942"]
[PlyCount "53"]
[EventDate "2012.??.??"]
[WhiteTeam "Vorw.Orient Mainz"]
[BlackTeam "SG Turm Idstein"]

1. d4 Nf6 2. c4 e6 3. Nc3 Bb4 4. Qc2 c5 5. dxc5 Bxc5 6. Nf3 O-O 7. e3 b6 8. Be2
Bb7 9. O-O Nc6 10. a3 Qb8 11. b4 Be7 12. Bb2 Ng4 13. h3 Nge5 14. Rac1 Ng6 15.
Rfd1 Rd8 16. Ne4 f5 17. Nc3 Nce5 18. Nxe5 Nxe5 19. Nb5 Ng6 20. Qc3 Bf6 21. Qb3
Bxb2 22. Qxb2 Nh4 23. Bf1 d5 24. cxd5 Bxd5 25. Rc7 e5 26. Qxe5 Rd7 27. Rxd5 1-0

[Event "24.Schlosspark-Open"]
[Site "Wiesbaden-Biebrich"]
[Date "2012.08.24"]
[Round "3.28"]
[White "Wagner, Stefan"]
[Black "Kayser, Felix"]
[Result "1/2-1/2"]
[WhiteElo "1955"]
[BlackElo "2220"]
[PlyCount "130"]
[EventDate "2012.??.??"]
[WhiteTeam "SC Landskrone"]
[BlackTeam "Wiesbadener SV 1885"]

1. d4 d5 2. Nf3 Nf6 3. c4 dxc4 4. e3 e6 5. Bxc4 a6 6. a3 b5 7. Bb3 c5 8. O-O
Bb7 9. Nc3 Nbd7 10. Qe2 Be7 11. Rd1 Qb6 12. Bc2 O-O 13. dxc5 Nxc5 14. b4 Nce4
15. Nxe4 Nxe4 16. Bb2 Rfd8 17. Rac1 Rxd1+ 18. Rxd1 Rd8 19. Rxd8+ Qxd8 20. Qd3
Qd5 21. Qxd5 Bxd5 22. Bxe4 Bxe4 23. Nd2 Bc2 24. Nf3 Be4 25. Nd2 Bd5 26. e4 Ba2
27. Kf1 f6 28. Ke2 e5 29. g3 Bd6 30. Ke3 Kf7 31. f4 exf4+ 32. gxf4 g5 33. fxg5
fxg5 34. e5 Bc7 35. Ne4 h6 36. Nc5 Bb6 37. Ke4 a5 38. Nb7 axb4 39. axb4 Ke6 40.
Nc5+ Ke7 41. Bc1 Bxc5 42. bxc5 Ke6 43. Bd2 Bd5+ 44. Kd4 Bc6 45. Be1 Kf5 46. Bd2
Kg4 47. Be1 Kf3 48. e6 Kf4 49. Bg3+ Kf5 50. e7 Ke6 51. Bd6 Kf5 52. Kc3 Ke4 53.
Kb4 Be8 54. Ka5 h5 55. Kb6 Kd5 56. Ka5 h4 57. Kb4 g4 58. Ka5 Kd4 59. Kb6 Kd5
60. Ka5 Ke4 61. Kb6 b4 62. c6 b3 63. c7 b2 64. c8=Q b1=Q+ 65. Kc7 Qc2+ 1/2-1/2

[Event "24.Schlosspark-Open"]
[Site "Wiesbaden-Biebrich"]
[Date "2012.08.24"]
[Round "3.29"]
[White "Pioch, Thomas"]
[Black "Achtmann, Armin"]
[Result "1/2-1/2"]
[WhiteElo "2183"]
[BlackElo "1931"]
[PlyCount "52"]
[EventDate "2012.??.??"]
[WhiteTeam "Sfr.Mainz 1928"]
[BlackTeam "Petra/Mallorca"]

1. d4 Nf6 2. e3 g6 3. Nd2 Bg7 4. b3 c5 5. Bb2 cxd4 6. exd4 d5 7. Ngf3 O-O 8.
Be2 Nc6 9. Ne5 Qb6 10. Nxc6 bxc6 11. O-O a5 12. a4 Ba6 13. Bxa6 Qxa6 14. Re1 e6
15. Ra2 Nd7 16. Nf3 Rfc8 17. Qd2 Qb6 18. Qf4 Qc7 19. Qc1 c5 20. dxc5 Bxb2 21.
Qxb2 Qxc5 22. Re3 Rab8 23. h4 h5 24. Ne5 Nxe5 25. Rxe5 Qc3 26. Qxc3 Rxc3
1/2-1/2

[Event "24.Schlosspark-Open"]
[Site "Wiesbaden-Biebrich"]
[Date "2012.08.24"]
[Round "3.31"]
[White "Seickel, Ralf"]
[Black "Kellerwessel, Ralf"]
[Result "1-0"]
[WhiteElo "2150"]
[BlackElo "1916"]
[PlyCount "37"]
[EventDate "2012.??.??"]
[WhiteTeam "vereinslos"]
[BlackTeam "SC Bad Soden"]

1. e4 g6 2. d4 Bg7 3. Nc3 d6 4. Bg5 c6 5. a4 Qb6 6. Nge2 h6 7. Be3 Qa5 8. Nc1
Nf6 9. Nb3 Qc7 10. a5 O-O 11. Be2 e5 12. O-O Be6 13. d5 cxd5 14. exd5 Bc8 15.
Nb5 Qe7 16. Bxa7 Na6 17. Be3 Nb4 18. c4 Kh7 19. Nxd6 1-0